000 01528nam a2200373 a 4500
001 ebr10224501
003 CaPaEBR
006 m u
007 cr cn|||||||||
008 060203s2006 enka sb 001 0 eng
010 _z 2006003906
015 _aGBA627895
_2bnb
016 7 _z013415138
_2Uk
020 _z0754642860 (alk. paper)
040 _aCaPaEBR
_cCaPaEBR
035 _a(OCoLC)318533195
043 _ae-uk---
050 1 4 _aZ791.A1
_bG68 2006eb
082 0 4 _a074.441
_222
100 1 _aGoulding, Anne.
245 1 0 _aPublic libraries in the 21st century
_h[electronic resource] :
_bdefining services and debating the future /
_cAnne Goulding.
246 3 _aPublic libraries in the twenty-first century
260 _aAldershot, England ;
_aBurlington, VT :
_bAshgate Pub. Co,
_cc2006.
300 _a387 p. :
_bill.
504 _aIncludes bibliographical references (p. [357]-377) and index.
533 _aElectronic reproduction.
_bPalo Alto, Calif. :
_cebrary,
_d2013.
_nAvailable via World Wide Web.
_nAccess may be limited to ebrary affiliated libraries.
650 0 _aPublic libraries
_zGreat Britain.
650 0 _aPublic libraries
_xAims and objectives
_zGreat Britain.
650 0 _aLibraries and community
_zGreat Britain.
650 0 _aPublic libraries
_zGreat Britain
_xAdministration.
655 7 _aElectronic books.
_2local
710 2 _aebrary, Inc.
856 4 0 _uhttp://site.ebrary.com/lib/rucke/Doc?id=10224501
_zAn electronic book accessible through the World Wide Web; click to view
999 _c40072
_d40072